Alvar Aalto : 1898 - 1976 /

Na minha lista:
Detalhes bibliográficos
Autor principal: Lahti, Louna (Author)
Outros Autores: Gössel, Peter (Editor)
Formato: Livro
Idioma:inglês
Publicado em: Köln : TASCHEN GmbH, 2015
Edição:2. vydanie
Assuntos:
Tags: Adicionar Tag
Sem tags, seja o primeiro a adicionar uma tag!

MARC

LEADER 00000nam a22000003a 4500
001 0066218
003 SK-STU
005 20190401111107.7
007 ta
008 180712s ----xo-----e------000-0-----d
020 |a 978-3-8365-6010-8 
040 |a STU  |b slo 
041 0 |a eng 
044 |a gw 
100 1 |a Lahti, Louna  |4 aut 
245 1 0 |a Alvar Aalto :  |b 1898 - 1976 /  |c aut. Louna Lahti ; ed. Peter Gössel 
246 3 1 |b Paradise for the Man in the Street 
250 |a 2. vydanie 
260 |a Köln :  |b TASCHEN GmbH,  |c 2015 
300 |a 96 s. 
650 0 7 |a architekti európski 
650 0 7 |a občianske budovy 
650 0 7 |a obytné budovy 
650 0 7 |a architektúra fínska 
700 1 |a Gössel, Peter  |4 edt 
996 |b 284AU07612  |c A* 10861/U  |l AAKNAR  |s A  |a 24  |w 0066218_0001